Państwa Azji - Statystyki

Ogólne statystyki
  • Ten quiz został rozwiązany 283 razy
  • Średni wynik to 41 z 49
Odpowiedzi na mapie
Odpowiedzi zakodowano w zielono-czerwonej skali na mapie do tego quizu, zgodnie z poniższymi procentami.
 
Statystyki odpowiedzi
Kraj % Poprawnych
Chiny
98%
Indie
97%
Japonia
96%
Kazachstan
95%
Korea Północna
94%
Turcja
94%
Korea Południowa
93%
Irak
92%
Arabia Saudyjska
91%
Iran
91%
Mongolia
91%
Indonezja
90%
Izrael
90%
Uzbekistan
90%
Pakistan
89%
Wietnam
89%
Afganistan
88%
Cypr
88%
Gruzja
88%
Tajlandia
88%
Filipiny
87%
Armenia
86%
Jemen
86%
Oman
86%
Azerbejdżan
85%
Katar
85%
Tadżykistan
85%
Kirgistan
84%
Nepal
84%
Syria
84%
Turkmenistan
83%
Zjednoczone Emiraty Arabskie
83%
Jordania
82%
Laos
82%
Tajwan
82%
Malezja
79%
Sri Lanka
79%
Bangladesz
78%
Kambodża
77%
Kuwejt
77%
Liban
77%
Singapur
77%
Bhutan
75%
Mjanma
74%
Bahrajn
71%
Malediwy
71%
Timor Wschodni
68%
Brunei
64%
Palestyna
36%
Nie znaleziono quizów pasujących do podanych kryteriów
Rozkład punktacji
Procent ludzi z każdym wynikiem
Percentyl według liczby udzielonych odpowiedzi
Twoja historia wyników
Nie rozwiązałeś tego quizu